| 000 | 00887pam a22003014a 4500 | ||
|---|---|---|---|
| 008 | |||
| 020 | _a0750636343 | ||
| 049 | _aMAIN | ||
| 090 | 0 | 0 |
_aTK153 _bKUF |
| 100 | 1 | _aKuffel, E | |
| 245 | 1 | 0 |
_aHigh voltage engineering : _bfundamentals / _cE. Kuffel, W.S. Zaengl, J. Kuffel |
| 250 | _a2nd ed | ||
| 260 |
_aOxford ; _aBoston : _bButterworth-Heinemann, _c2000 |
||
| 300 |
_axiii, 539 p. : _bill. ; _c23 cm. |
||
| 500 | _aIncludes index. | ||
| 504 | _aIncludes bibliographical references. | ||
| 650 | 0 | _aElectrical engineering | |
| 650 | 0 | _aHigh voltages | |
| 650 | 0 | _aElectric insulators and insulation | |
| 650 | 0 | _aBreakdown (Electricity) | |
| 700 | 1 | _aZaengl, W. S | |
| 700 | 1 | _aKuffel, J | |
| 907 |
_a.b10390145 _b08-03-18 _c07-03-18 |
||
| 003 | |||
| 005 | 20230123141108.0 | ||
| 040 | _cNUST | ||
| 942 |
_cBOOKS _kTK153 _mKUF |
||
| 999 |
_c167579 _d167579 |
||